Statistiken für Die 32 erfolgreichsten The Rolling Stones-Hits

Klicken Sie hier um das Quiz zu spielen!

Allgemein

  • Dieses Quiz wurde 40 mal gespielt
  • Das Durchschnittsergebnis liegt bei 8 aus 32

Antwortstatistiken

Antwort% Korrekt
Angie
75%
Paint It Black
72%
I Can't Get No (Satisfaction)
69%
Start Me Up
53%
Brown Sugar
50%
Ruby Tuesday
50%
Jumpin' Jack Flash
47%
Sympathy For The Devil
44%
Honky Tonk Woman
33%
As Tears Go By
28%
Gimme Shelter
25%
Miss You
25%
Anybody Seen My Baby
19%
Living In A Ghost Town
19%
Let's Spend The Night Together
17%
Wild Horses
17%
Beast of Burden
14%
The Last Time
14%
Under My Thumb
14%
Let It Bleed
11%
Street Fighting Man
11%
She's A Rainbow
8%
Can't You Hear Me Knocking
6%
Get Off Of My Cloud
6%
It's Only Rock'n'Roll (But I Like It)
6%
Mother's Little Helper
6%
Out Of Time
6%
Sister Morphine
3%
Time Is On My Side
3%
Waiting On A Friend
3%
Play With Fire
0%
Shine A Light
0%

Verteilung der Resultate

Perzentil nach korrekt beantworteten Fragen

Anzahl Personen mit jedem Resultat

Ihre Resultats-Entwicklung

Sie haben dieses Quiz noch nicht gespielt